000 00702nam a22002177a 4500
005 20210419075740.0
008 210304s2009 ||||| |||| 00| 0 engdut d
020 _a9789078670094
040 _aeng
_cDLC
041 _aeng
_adut
080 _a7
_bS-23
100 _91236
_aSassen, Hein. Jan
245 _aBorn in Georgia / Contemporary Art from Georgia
_b: hedendaagse kunst uit georgie
_c/ by: Cobra Museum voor Moderne Kunst Amstelveen
260 _aAmsterdam
_bCobra Museum voor Moderne Kunst Amstelveen
_c2009
300 _a88 p.
_bill.
650 0 _9447
_aArt
653 _aხელოვნება
700 _91237
_aSharp, A. Jane
700 _91238
_aEdzgveradze, Gia
942 _2udc
_cBK
999 _c1894
_d1894